000
00197 a2200097 4500
001
8286
090
_c
6665
_d
6665
100
_a
Hillavey, E
245
_a
High Adventure (Transfered to SOA)
260
_b
Hodder
942
_a
NUST-CAE
999
_c
243359
_d
243359